000 00511nam a22001577a 4500
003 macl
005 20231107165742.0
008 231107b |||||||| |||| 00| 0 eng d
040 _cmacl
082 _a294
100 _a पटनायक देवदत्त
_982049
245 _aसीता रामायण का सचित्र पुनर्कथन
260 _a दिल्‍ली
_b पेंगुइन बुक्‍स
_c2017
650 _a धर्म
_982050
942 _2ddc
_cHIN
999 _c66371
_d66371